000 00318nam a22001457a 4500
020 _a0-07-460236-5
041 _aENG
100 _aMarty .D.S
245 _aAtomic Physics
260 _aDelhi
_bTata McGraw -Hil Pub
_c1992
300 _a220
650 _aPhysics
700 _aLakshminarayana .V
856 _uPhysics
999 _c452
_d452